| 000 | 00000nam##2200000za#4500 |
| 001 | 9.696414 |
| 003 | CaOODSP |
| 005 | 20210624235025 |
| 007 | cr ||||||||||| |
| 008 | 150407|1997||||xxc|||||o f|0| 0 eng|d |
| 040 | |aCaOODSP|beng |
| 043 | |an-cn--- |
| 086 | 1 |aF2-118/1997E-PDF |
| 110 | 1 |aCanada. |bDepartment of Finance. |
| 245 | 10|aSecuring Canada's retirement income system |h[electronic resource] |
| 260 | |aOttawa - Ontario : |bFinance Canada |cApril 1997. |
| 300 | |a23p.|bgraph |
| 590 | |a12-32-Supp|b2012-07-11 |
| 690 | 07|aIncome security|2gcpds |
| 690 | 07|aPublic pensions|2gcpds |
| 775 | 08|tAssurer la solidité du système canadien de revenu de retraite |w(CaOODSP)9.640531 |
| 776 | 0#|tSecuring Canada's retirement income system |w(CaOODSP)9.646723 |
| 856 | 40|ahttp://publications.gc.ca|qPDF|s127 KB|uhttps://publications.gc.ca/collections/Collection/F2-118-1997E.pdf |